Religion, culture and society: a global approach
Guardat en:
| Autor principal: | |
|---|---|
| Format: | Llibre |
| Idioma: | anglès |
| Publicat: |
Sage Publications
2014.
|
| Etiquetes: |
Afegir etiqueta
Sense etiquetes, Sigues el primer a etiquetar aquest registre!
|
MARC
| LEADER | 00000nam a22000007a 4500 | ||
|---|---|---|---|
| 008 | 210126b ||||| |||| 00| 0 eng d | ||
| 020 | |a 978-1-4462-0291-3 | ||
| 100 | |a SINGLETON, Andrew. | ||
| 245 | |a Religion, culture and society: |b a global approach |c Andrew Singleton.- |g viii, 255p.; ill. | ||
| 260 | |b Sage Publications |c 2014. |h Los Angeles: |i 692218 – Arts, |i 692219 |l BL60 .Si6 | ||
| 500 | |a “It includes references and index”. | ||
| 942 | |a lcc |c BK |e j o ifatola |f 26/1/2021 | ||
| 952 | |0 0 |1 0 |2 lcc |4 0 |6 BL0060 S I6 |7 0 |9 1913 |a HOL |b HOL |c AF |d 2021-01-26 |l 0 |o BL60 .Si6 |r 2021-01-26 00:00:00 |w 2021-01-26 |y BK | ||
| 952 | |0 0 |1 0 |2 lcc |4 0 |6 BL0060 S I6 |7 0 |9 3163 |a HOL |b HOL |c AF |d 2021-08-19 |l 0 |o BL60 .Si6 |p 2021-66861 |r 2021-08-19 00:00:00 |w 2021-08-19 |y BK | ||
| 999 | |c 1008 |d 1008 | ||